Vista normal
Vista MARC
Entrada Topical Term
Número de registros utilizados en: 5
001 - CONTROL NUMBER
- control field: 4446
003 - CONTROL NUMBER IDENTIFIER
- control field: OSt
005 - DATE AND TIME OF LATEST TRANSACTION
- control field: 20230915225753.0
008 - FIXED-LENGTH DATA ELEMENTS
- fixed length control field: 230915|| aca||aabn | a|a d
040 ## - CATALOGING SOURCE
- Original cataloging agency: OSt
- Transcribing agency: OSt
150 ## - HEADING--TOPICAL TERM
- Topical term or geographic name entry element: CLEOPATRA 51? - 30? A.C
670 ## - SOURCE DATA FOUND
- Source citation: Work cat.: (OSt)17850: Wertheimer, Oscar Von 4445, Cleopatra, 1986